Rocket League Quiz - Statistics

General Stats
  • This quiz has been taken 189 times
  • The average score is 6 of 29
Answer Stats
Hint Answer % Correct
Year of release 2015
99%
Battlecar you start with, all-rounder, everyone uses it Octane
82%
Scottish commentator who hosts 1v1 showmatches Johnnyboi_i
47%
What is the name of Rizzo's gf, who is also a Rocket League streamer? Athena
45%
What was the predecessor to Rocket League? Supersonic Acrobatic Rocket-Powered Battlecars
44%
The mountain Kronovi
42%
He's good at pinches Kuxir97
39%
He's 'ncredible JSTN
32%
Two-time Twelve Titans Champion Scrub Killa
28%
Player behind the 'dish' Doomsee
27%
RLCS Season 5 Winning Team Dignitas
22%
RLCS Season 6 Winning Team Cloud9
21%
What city was RLCS Season 2 held? Amsterdam
15%
In the old ranking system (pre-season 2) what rank group came between prospect and the stars? Challenger
13%
RLCS Season 3 Winning Team Northern Gaming
13%
RLCS Season 2 Winning Team Flipsid3 Tactics
12%
RLCS Season 1 Winning Team iBuyPower Cosmic
12%
RLCS Seaon 7 Winning Team Renault Vitality
12%
RLCS commentator with a big beard FindableCarpet
10%
RLCS Season 4 Winning Team Gale Force eSports
8%
The first player to achieve the rank of Grand Champion in competitive play GarrettG
8%
Starting 3 from the above (name all) Kronovi, Lachinio, Over ZerO
6%
Who did the 3rd man in the above line-up step in for? Maestro
3%
Staring 3 from the above Squishy, Gimmick, Torment
2%
Starting 3 from the above Kaydop, ViolentPanda, Turbopolsa
1%
Starting 3 from the above Kaydop, ViolentPanda, Turbopolsa
1%
Starting 3 from the above (name all) Markydooda, Kuxir97, Greazymeister
1%
Starting 3 from the above Remkoe, Deevo, Turbopolsa
1%
Starting 3 from the above Fairy Peak, Kaydop, Scrub Killa
0%
No matching quizzes found
Score Distribution
Percent of People with Each Score
Percentile by Number Answered
Your Score History
You have not taken this quiz